000 00258nam a2200121Ia 4500
008 231129s1968||||xx |||||||||||||| ||spa||
040 _bspa
082 _aR(i) 940.18 C958
245 0 _aLas cruzadas
260 _c1968
264 _aTeide
942 _2ddc
_cBKS
999 _c18685
_d18685